Normal view
MARC view
Entry Personal Name
001 - CONTROL NUMBER
- control field: 22518
003 - CONTROL NUMBER IDENTIFIER
- control field: OSt
005 - DATE AND TIME OF LATEST TRANSACTION
- control field: 20151223155313.0
008 - FIXED-LENGTH DATA ELEMENTS
- fixed length control field: 151223|| aca||aabn | a|a d
040 ## - CATALOGING SOURCE
- Original cataloging agency: OSt
- Transcribing agency: OSt
100 ## - HEADING--PERSONAL NAME
- Personal name: Singh Benu
670 ## - SOURCE DATA FOUND
- Source citation: Work cat.: (OSt): Singh Benu, A Modern Book On Forestry & Horticulture, 2010









